<?xml version="1.0" encoding="UTF-8"?>
<collection xmlns="http://www.loc.gov/MARC21/slim">
 <record>
  <leader>01729nam a22002417a 4500</leader>
  <controlfield tag="001">NCT_89047</controlfield>
  <controlfield tag="008">210404b        xxu||||| |||| 00| 0 vie d</controlfield>
  <datafield tag="999" ind1=" " ind2=" ">
   <subfield code="c">4389</subfield>
   <subfield code="d">4389</subfield>
  </datafield>
  <datafield tag="020" ind1=" " ind2=" ">
   <subfield code="a">9786048977504</subfield>
   <subfield code="c">115000</subfield>
  </datafield>
  <datafield tag="082" ind1="0" ind2="4">
   <subfield code="2">23rd ed.</subfield>
   <subfield code="a">346.597048</subfield>
   <subfield code="b">H116</subfield>
  </datafield>
  <datafield tag="100" ind1="1" ind2=" ">
   <subfield code="a">Nguyễn Hồ Bích Hằng</subfield>
   <subfield code="e">Chủ biên</subfield>
  </datafield>
  <datafield tag="245" ind1="1" ind2="0">
   <subfield code="a">Sách tình huống Luật Sở hữu trí tuệ Việt Nam :</subfield>
   <subfield code="b">Bình luận và bản án</subfield>
   <subfield code="c">Nguyễn Hồ Bích Hằng (Chủ biên) ; Nguyễn Ngọc Hồng Phượng, Nguyễn Phương Thảo</subfield>
  </datafield>
  <datafield tag="250" ind1=" " ind2=" ">
   <subfield code="a">Tái bản lần thứ 1, có sửa đổi, bổ sung</subfield>
  </datafield>
  <datafield tag="260" ind1=" " ind2=" ">
   <subfield code="a">H.</subfield>
   <subfield code="b">Hồng đức - Hội luật Gia Việt Nam </subfield>
   <subfield code="c">2019</subfield>
  </datafield>
  <datafield tag="300" ind1=" " ind2=" ">
   <subfield code="a">635 tr.</subfield>
   <subfield code="c">21cm</subfield>
  </datafield>
  <datafield tag="520" ind1="3" ind2=" ">
   <subfield code="a">Sách trình bày một cách nhìn tổng quan về thực tiễn xét xử của Tòa án đối với các đối tượng của quyền sở hữu trí tuệ và các quyền sở hữu trí tuệ như quyền tác giả, quyền sở hữu công nghiệp, cùng với mối liên hệ giữa quyền sở hữu trí tuệ và các đối tượng khác.</subfield>
  </datafield>
  <datafield tag="653" ind1=" " ind2=" ">
   <subfield code="a">Luật học</subfield>
  </datafield>
  <datafield tag="700" ind1="1" ind2=" ">
   <subfield code="a">Nguyễn Ngọc Hồng Phượng</subfield>
  </datafield>
  <datafield tag="700" ind1="1" ind2=" ">
   <subfield code="a">Nguyễn Phương Thảo</subfield>
  </datafield>
  <datafield tag="942" ind1=" " ind2=" ">
   <subfield code="2">ddc</subfield>
   <subfield code="c">BK</subfield>
  </datafield>
  <datafield tag="952" ind1=" " ind2=" ">
   <subfield code="0">0</subfield>
   <subfield code="1">0</subfield>
   <subfield code="2">ddc</subfield>
   <subfield code="4">0</subfield>
   <subfield code="6">346_597048000000000_H116</subfield>
   <subfield code="7">0</subfield>
   <subfield code="9">21136</subfield>
   <subfield code="a">000001</subfield>
   <subfield code="b">000001</subfield>
   <subfield code="d">2021-04-04</subfield>
   <subfield code="o">346.597048 H116</subfield>
   <subfield code="p">MD.18394</subfield>
   <subfield code="r">2021-04-04</subfield>
   <subfield code="v">115000.00</subfield>
   <subfield code="w">2021-04-04</subfield>
   <subfield code="y">BK</subfield>
  </datafield>
  <datafield tag="952" ind1=" " ind2=" ">
   <subfield code="0">0</subfield>
   <subfield code="1">0</subfield>
   <subfield code="2">ddc</subfield>
   <subfield code="4">0</subfield>
   <subfield code="6">346_597048000000000_H116</subfield>
   <subfield code="7">0</subfield>
   <subfield code="9">21137</subfield>
   <subfield code="a">000001</subfield>
   <subfield code="b">000001</subfield>
   <subfield code="d">2021-04-04</subfield>
   <subfield code="o">346.597048 H116</subfield>
   <subfield code="p">MD.18395</subfield>
   <subfield code="r">2021-04-04</subfield>
   <subfield code="v">115000.00</subfield>
   <subfield code="w">2021-04-04</subfield>
   <subfield code="y">BK</subfield>
  </datafield>
  <datafield tag="980" ind1=" " ind2=" ">
   <subfield code="a">Thư viện Trường Đại học Nam Cần Thơ</subfield>
  </datafield>
 </record>
</collection>
